Представление документа в формате RUSMARC

ПолеНазваниеЗначение
  Тип записи a
  Библиографический уровень m
001 Контрольный номер UONB/MAIN/e3e4b16319cd4d3db4041e6b0e025098
005 Дата корректировки 20241126161831.2
010 Индекс ISBN __
a ISBN 978-5-9795-2322-4
d Цена 70 р.
9 Тираж 50 экз.
100 Данные общей обработки __
a Данные общей обработки 20240123d2023 u y0rusy0189 ca
101 Язык документа 0_
a Язык текста rus
a Язык текста chv
102 Страна публикации __
a Страна публикации RU
105 Кодированные данные (монография) __
a Кодированные данные (монография) a z 001yy
200 Заглавие и сведения об ответственности 1_
a Заглавие Актуальные вопросы преподавания родного (чувашского) языка и литературы в дошкольных и общеобразовательных учреждениях Ульяновской области
d Параллельное заглавие Чӗмпӗр облаҫӗн шкулчченхи тата пӗтӗмӗшле пӗлӳ паракан учрежденийӗсенче тӑван (чӑваш) чӗлхепе литературӑна вӗрентессин кирлӗ ыйтӑвӗсем
e Сведения, относящиеся к заглавию сборник материалов Межрегионального практико-ориентированного семинара (г. Ульяновск, 24 августа 2023 г.)
f Первые сведения об ответственности Министерство науки и высшего образования Российской Федерации, Ульяновский государственный технический университет [и др.]
g Последующие сведения об ответственности составители: В. В. Грузин, Л. В. Крайнова
203 Вид содержания и тип средства __
a Вид содержания Текст
b Характеристика содержания визуальный
c Тип средства непосредственный
210 Выходные данные 1_
a Место издания Ульяновск
c Издательство УлГТУ
d Дата издания 2023
215 Физическое описание __
a Объем 158 с.
d Формат 20 см
c Иллюстрации/тип воспроизводства ил., табл., нот. ил.
320 Библиография __
a Библиография Библиогр. в конце ст.
606 Тематические рубрики 0_
a Основная рубрика Чувашский язык
x Основная подрубрика Методика преподавания в средней школе
j Формальный подзаголовок Сборники
606 Тематические рубрики 0_
a Основная рубрика Чувашский язык
x Основная подрубрика Методика преподавания в дошкольных учреждениях
j Формальный подзаголовок Сборники
610 Ключевые слова 0_
a Ключевые слова чувашский язык; методика преподавания чувашского языка; преподавания чувашского языка в школе; преподавание чувашского языка в детском саду
686 Индексы других классификаций __
2 Код системы rubbk
a Классификационный индекс 74.261.7(Чув)я43
686 Индексы других классификаций __
a Классификационный индекс 74.102.122(Чув)я43
2 Код системы rubbk
702 Вторичная интеллектуальная ответственность _1
a Фамилия Грузин
b Имя (инициалы) В. В.
4 Код отношения 220
702 Вторичная интеллектуальная ответственность _1
a Фамилия Крайнова
b Имя (инициалы) Л. В.
4 Код отношения 220
712 Наименование организации (Вторичная ответственность) 02
a Организация/ юрисдикция Муниципальное бюджетное общеобразовательное учреждение города Ульяновска "Средняя школа № 47 имени И. Я. Яковлева"
4 Код отношения 570
712 Наименование организации (Вторичная ответственность) 02
a Организация/ юрисдикция Ульяновский государственный технический университет
4 Код отношения 570
801 Источник записи _0
a Страна RU
b Организация Ульяновская ОНБ
c Дата составления 20240123
g Правила каталогизации RCR
801 Источник записи _1
a Страна RU
b Организация Ульяновская ОНБ
c Дата составления 20240123
g Правила каталогизации RCR
900 Электронные ресурсы __
a Имя электронного ресурса 124Ц0123
900 Электронные ресурсы __
a Имя электронного ресурса 124Ц0124
901 Тип документа __
t Тип документа m
910 Корректоры записи __
a Корректор записи Горбункова
b Дата внесения изменения в запись 20240716